The milkman's cow / (Record no. 30473)

MARC details
000 -LEADER
fixed length control field 01070nam a22002417a 4500
005 - DATE AND TIME OF LATEST TRANSACTION
control field 20090119143636.0
008 - FIXED-LENGTH DATA ELEMENTS--GENERAL INFORMATION
fixed length control field 090119t xxu||||| |||| 00| 1 eng d
020 ## - INTERNATIONAL STANDARD BOOK NUMBER
Terms of availability 25.00
035 ## - SYSTEM CONTROL NUMBER
System control number B-357781
037 ## - SOURCE OF ACQUISITION
Source of stock number/acquisition Tarun Books
040 ## - CATALOGING SOURCE
Original cataloging agency dpl
Language of cataloging English
082 ## - DEWEY DECIMAL CLASSIFICATION NUMBER
Classification number S
100 ## - MAIN ENTRY--PERSONAL NAME
Personal name Pradhan, Vidya
110 ## - MAIN ENTRY--CORPORATE NAME
Corporate name or jurisdiction name as entry element illustrated by Saurabh Pandey
245 ## - TITLE STATEMENT
Title The milkman's cow /
Statement of responsibility, etc by Vidya Pradhan; illustrated by Saurabh Pandey
260 ## - PUBLICATION, DISTRIBUTION, ETC. (IMPRINT)
Place of publication, distribution, etc New Delhi
Name of publisher, distributor, etc Children Book Trust
Date of publication, distribution, etc 2009 (repr.)
270 ## - ADDRESS
Address Nehru House, 4 Bahadur Shah Zafar Marg
City New Delhi
Postal code 110002
Telephone number 23316970-74
Fax number 23721090
Electronic mail address cbtnd@vsnl.com
300 ## - PHYSICAL DESCRIPTION
Extent 24p.
Dimensions 18cm. (pbk)
Other physical details col. ill.
700 ## - ADDED ENTRY--PERSONAL NAME
Personal name Pandey, Saurabh
942 ## - ADDED ENTRY ELEMENTS (KOHA)
Source of classification or shelving scheme Dewey Decimal Classification
Item type Children Books
Classification part S
Call number suffix PRA
Holdings
Withdrawn status Lost status Source of classification or shelving scheme Damaged status Not for loan Collection code Home library Current library Date acquired Source of acquisition Cost, normal purchase price Total Checkouts Full call number Barcode Date last seen Copy number Cost, replacement price Koha item type
    Dewey Decimal Classification     Fiction Janak Puri Janak Puri 18/09/2009 Tarun Books/4121/9.9.09/89/2.9.09/11.9.09 25.00 19 S PRA B-357781 10/01/2011 1 25.00 Children Books

© Delhi Public Library
Hit Counter
free hit counter